[Event "Varese-ch"]
[Site "Varese"]
[Date "2012.11.05"]
[Round "5"]
[White "Cordiano, Franco"]
[Black "Gerosa, Ottavio"]
[Result "0-1"]
[WhiteElo "1533"]
[BlackElo "1481"]
[PlyCount "108"]
[EventDate "2012.10.08"]
[EventType "swiss"]
[EventRounds "6"]
[EventCountry "ITA"]
[SourceTitle "EXT 2014"]
[Source "ChessBase"]
[SourceDate "2013.11.20"]
[SourceVersion "1"]
[SourceVersionDate "2013.11.20"]
[SourceQuality "1"]

1. h3 e5 2. d4 e4 3. d5 Bc5 4. Be3 Bxe3 5. fxe3 Qh4+ 6. Kd2 d6 7. Nc3 Ne7 8. Kc1 Qf2 9. Kb1 Qxe3 10. Nb5 Qc5 11. Nc3 Bf5 12. e3 Qxe3 13. Bb5+ c6 14. dxc6 Nbxc6 15. Bxc6+ bxc6 16. Nge2 d5 17. Nd4 Bg6 18. Re1 Qg3 19. Rg1 Rb8 20. Nce2 Qe5 21. Qd2 c5 22. Qf4 Qxf4 23. Nxf4 cxd4 24. Nxg6 Nxg6 25. Rd1 0-0 26. Rxd4 Rfd8 27. a4 Nf4 28. Ra3 Nxg2 29. Rb3 Rxb3 30. cxb3 a5 31. Kc2 Rc8+ 32. Kb1 Nf4 33. h4 Rb8 34. Rd1 Rxb3 35. Rc1 g6 36. Rc5 d4 37. Rxa5 Nd3 38. Rd5 Rxb2+ 39. Ka1 e3 40. Rxd4 Rb3 41. Rd8+ Kg7 42. Re8 Ra3+ 43. Kb1 Nf4 44. Kc2 e2 45. a5 Rxa5 46. Kd2 Kf6 47. Ke1 Re5 48. Ra8 Nd3+ 49. Kd2 e1Q+ 50. Kxd3 Qd1+ 51. Kc3 Rc5+ 52. Kb4 Qd4+ 53. Ka3 Rb5 54. Ka2 Qb2# 0-1